Declaración de impacto ambiental, Adenda N§ 1: Oficinas y bodegas Rafael Reyes y Cía., Ltda., Los Andes, V región
Saved in:
| Hovedforfatter: | |
|---|---|
| Format: | Bog |
| Sprog: | spansk |
| Udgivet: |
Los Andes
RR
2005
|
| Fag: | |
| Tags: |
Tilføj Tag
Ingen Tags, Vær først til at tagge denne postø!
|
MARC
| LEADER | 00000nam a2200000 a 4500 | ||
|---|---|---|---|
| 001 | UCJ0150 | ||
| 003 | CL-VaPUC | ||
| 008 | 060707e20050600CL |||||||||||||||||spa|d | ||
| 082 | 0 | 4 | |a 363.731 |b GUT |2 21 |
| 100 | 0 | |a Gutiérrez B., Francisco |e author |9 500169 | |
| 245 | 1 | 0 | |a Declaración de impacto ambiental, Adenda N§ 1: Oficinas y bodegas Rafael Reyes y Cía., Ltda., Los Andes, V región |
| 300 | |a Pág. irreg | ||
| 942 | |c BK | ||
| 945 | |d 20060707 00:00:00 |a cmena | ||
| 260 | |a Los Andes |b RR |c 2005 | ||
| 600 | 0 | 7 | |a RAFAEL REYES Y CIA. LTDA |2 CL-VaPUC |9 500170 |
| 650 | 0 | |a Impacto ambiental |9 262796 | |
| 650 | 0 | |a Protección del medio ambiente |9 257626 | |
| 650 | 0 | |a Proyectos de inversión |9 261065 | |
| 650 | 0 | |a Uso del suelo |9 474849 | |
| 650 | 0 | |a Residuos industriales |9 261421 | |
| 650 | 0 | |a Medidas de seguridad |9 264085 | |
| 651 | 0 | |a Los Andes |9 359419 | |
| 651 | 0 | |a Región 05 |9 267528 | |
| 583 | |a last modification |c 20130308 09:02:33 |k Rodrigo Vera | ||
| 999 | |c 317078 |d 317076 | ||
| 952 | |0 0 |1 0 |4 0 |6 363_731000000000000_GUT_2005 |7 0 |8 A |9 392831 |a BIBING |b BIBING |d 2019-11-22 |i 4238850 |o 363.731 GUT 2005 |p 4238850 |r 2025-01-20 |w 2019-11-22 |y BK |k CCL | ||